| 000 | 00389nam a2200157Ia 4500 | ||
|---|---|---|---|
| 008 | 230917s9999||||xx |||||||||||||| ||und|| | ||
| 020 | _cPOU8.95 | ||
| 040 |
_e17370 _aMAIN |
||
| 041 | _aEnglish | ||
| 082 | _a333.942 H412B | ||
| 100 | _aHunt, E H | ||
| 245 | 0 | _aBritish labour history 1815-1914 | |
| 260 |
_aLondon _bWeidenfeld & Nicolson _c1981 |
||
| 300 | _axii,428 p. | ||
| 942 | _cBK | ||
| 999 |
_c218969 _d218969 |
||